| 000 | 00714nam a2200205Ii 4500 | ||
|---|---|---|---|
| 003 | JO-AjNU | ||
| 008 | 230605s9999||||xx |||||||||||||| ||und|| | ||
| 017 | _a20/1857 | ||
| 040 |
_aJO-AjNU _bara _erda _cJO-AjNU |
||
| 041 | _aara | ||
| 050 | 1 | 4 | _aHF 5657.Z3522 2000 |
| 100 | 3 |
_aتأليف: زامل، احمد محمد, _eauthor _927601 |
|
| 245 | 0 | 0 | _aالمحاسبة الادارية مع تطبيقات بالحاسب الآلي، ج2 |
| 264 | 3 | 1 | _aالرياض: معهد الادارة العامة، 2000 |
| 300 | _aج2، 485-963ص | ||
| 336 |
_atext _btxt _2rdacontent |
||
| 337 |
_aunmediated _bn _2rdamedia |
||
| 338 |
_avolume _bnc _2rdacarrier |
||
| 650 | 4 |
_aالمحاسبة الادارية _927602 |
|
| 999 |
_aA10605 _c14173 _d14173 |
||